000
00278nam a2200109Ia 4500
008
220120s9999||||xx |||||||||||||| ||und||
100
_a
Verma H.C
_9
11761
245
0
_a
Concepts of physics
260
_a
Bharath Bhavan
_b
Bangalore
_c
2001
300
_a
558p.
_b
240
650
_a
CIRCUIT
999
_c
137126
_d
137126